000 00777nam a22001937a 4500
999 _c166515
_d166515
010 _aENG-126087
020 _a978-93-8546-290-0
_c995.00
035 _aEN-109619
037 _bDBAD/PUB
082 _a615.19
100 _aAkhter, Mymoona and Alam, M.Mumtaz
245 _aPhysical pharmacy and instrumental methods of analysis
_cby Mymoona Akhter and M. Mumtaz Alam
260 _aNew Delhi
_bAne Books Pvt. Ltd.
_c2018
270 _a4821, Parwana Bhawan, 1st floor, 24 Ansari Road, Darya Ganj,
_bNew Delhi
_e110002
_k+91(011)23276843-44
_mwww.anebooks.com; kapoor@anebooks.com
_l+91(001)23276863
300 _a225p.
_b24cm(hb)
_cill.
500 _aits include table and figure
700 _aMymoona Akhter and M.Mumtaz Alam
942 _2ddc
_cEN
_h615.19
_mAKH